| 000 | 02411nam a2200337 i 4500 | ||
|---|---|---|---|
| 999 |
_c27166 _d27166 |
||
| 006 | m|||||o||d|||||||| | ||
| 007 | cr|||||||||||| | ||
| 008 | 170706s2019||||enk o ||1 0|eng|d | ||
| 020 |
_a9781108341004 (ebook) _qOnline Resource |
||
| 040 |
_aUkCbUP _beng _erda |
||
| 041 | 1 | _aeng | |
| 082 | 0 | 0 |
_a909/.09824 _223 |
| 100 | 1 | _aBeaujard, Philippe, | |
| 240 | 1 | 0 |
_aMondes de l'ocean Indien. _lEnglish |
| 245 | 1 | 4 |
_aThe worlds of the Indian Ocean : _ba global history. _nVolume 1, _pFrom the fourth millennium BCE to the sixth century CE / _cwritted and translated by Philippe Beaujard ; translation edited by Tamara Loring, Frances Meadows and Andromeda Tait. |
| 250 | _aA revised and updated translation. | ||
| 260 |
_aLondon _bCambridge University Press _c2019 |
||
| 300 |
_a1 online resource (xxiii, 845 pages) : _bdigital, PDF file(s). |
||
| 500 | _aRevised and updated translation of: Les mondes de l'océan Indien, Armand Colin, Paris, 2012 . | ||
| 500 | _aTitle from publisher's bibliographic system (viewed on 15 Oct 2019). | ||
| 520 | _aEurope's place in history is re-assessed in this first comprehensive history of the ancient world, centering on the Indian Ocean and its role in pre-modern globalization. Philippe Beaujard presents an ambitious and comprehensive global history of the Indian Ocean world, from the earliest state formations to 1500 CE. Supported by a wealth of empirical data, full color maps, plates, and figures, he shows how Asia and Africa dominated the economic and cultural landscape and the flow of ideas in the pre-modern world. This led to a trans-regional division of labor and an Afro-Eurasian world economy. Beaujard questions the origins of capitalism and hints at how this world-system may evolve in the future. The result is a reorienting of world history, taking the Indian Ocean, rather than Europe, as the point of departure. Volume I provides in-depth coverage of the period from the fourth millennium BCE to the sixth century CE. | ||
| 650 | 0 |
_aExcavations (Archaeology) _zIndian Ocean Region. |
|
| 650 | 0 |
_aGlobalization _xHistory _yTo 1500. |
|
| 650 | 0 | _aHistory, Ancient. | |
| 651 | 0 |
_aIndian Ocean Region _xAntiquities. |
|
| 651 | 0 |
_aIndian Ocean Region _xCivilization. |
|
| 651 | 0 |
_aIndian Ocean Region _xEconomic conditions. |
|
| 776 | 0 | 8 |
_iPrint version: _z9781108424561 |
| 856 | 4 | 0 | _uhttps://doi.org/10.1017/9781108341004 |
| 942 |
_2ddc _cEBK |
||